New York Knicks Playoffs Starters - Statistics

General Stats
  • This quiz has been taken 373 times
    89 since last reset
  • The average score is 28 of 96
Answer Stats
Player % Correct
Jalen Brunson
100%
Karl-Anthony Towns
100%
Josh Hart
97%
Mikal Bridges
92%
OG Anunoby
92%
Carmelo Anthony
89%
Patrick Ewing
89%
Julius Randle
87%
Walt Frazier
82%
Mitchell Robinson
81%
Truck Robinson
81%
Willis Reed
76%
Donte DiVincenzo
74%
John Starks
73%
Isaiah Hartenstein
68%
Amar'e Stoudemire
65%
Bernard King
65%
RJ Barrett
65%
Charles Smith
61%
Tyson Chandler
61%
Allan Houston
58%
Charles Oakley
56%
Latrell Sprewell
56%
Derrick Rose
55%
Dave DeBusschere
53%
Larry Johnson
53%
Earl Monroe
52%
Mark Jackson
45%
Phil Jackson
44%
Stephon Marbury
40%
Raymond Felton
39%
Iman Shumpert
31%
Quentin Grimes
29%
Baron Davis
27%
Bill Bradley
26%
Taj Gibson
26%
Charlie Ward
24%
Derek Harper
24%
Richie Guerin
24%
Bill Cartwright
23%
Ray Williams
23%
Sidney Green
23%
Sly Williams
23%
Dick Barnett
21%
Marcus Camby
21%
Reggie Bullock
21%
Anthony Mason
19%
Kurt Thomas
19%
Michael Ray Richardson
19%
Harry Gallatin
18%
Landry Fields
18%
Pablo Prigioni
18%
Penny Hardaway
18%
Bob McAdoo
15%
Carl Braun
13%
Chris Childs
13%
Dick McGuire
13%
Doc Rivers
11%
Shandon Anderson
11%
Jerry Lucas
10%
Walt Bellamy
10%
Max Zaslofsky
6%
Willie Naulls
6%
Gerald Wilkins
5%
Kiki Vandeweghe
5%
Trent Tucker
5%
Campy Russell
3%
Cazzie Russell
3%
Connie Simmons
3%
Kenny Sears
3%
Nat Clifton
3%
Vince Boryla
3%
Bud Palmer
2%
John Gianelli
2%
Marvin Webster
2%
Maurice Cheeks
2%
Nazr Mohammed
2%
Paul Westphal
2%
Toney Douglas
2%
Xavier McDaniel
2%
Dick Van Arsdale
0%
Howard Komives
0%
Jim Baechtold
0%
Jim McMillian
0%
Johnny Newman
0%
Lee Knorek
0%
Leo Gottlieb
0%
Ray Felix
0%
Ray Lump
0%
Ronny Turiaf
0%
Rory Sparrow
0%
Sid Tanenbaum
0%
Sonny Hertzberg
0%
Spencer Haywood
0%
Stan Stutz
0%
Tommy Byrnes
0%
No matching quizzes found
Score Distribution
Percent of People with Each Score
Percentile by Number Answered
Your Score History
You have not taken this quiz since the last reset